LEADER 01130nam0 2200313 450 001 000008357 005 20071005105154.0 010 $a88-386-6242-8 100 $a20071005d2006----km-y0itay50------ba 101 1 $aita 102 $aIT 105 $ay-------001yy 200 1 $aRicerca operativa$fFederick S. Hillier, Gerald J. Lieberman$gedizione italiana a cura di Renato De Leone$gtraduzione a cura di Mario Bisignano, Saul Giarratana, Marzia Rivi 205 $a8. ed. 210 $aMilano$cMcGraw-Hill$dc2006 215 $aXVI, 599 p.$d27 cm 225 2 $aCollana di istruzione scientifica$iSerie di matematica 304 $aTit. orig.: Introduction to operations research, 8. ed. 410 0$12001$aCollana di istruzione scientifica. Serie di matematica 610 1 $aAziende$aDirezione 610 1 $aRicerca operativa 676 $a658.4034$v20 700 1$aHillier,$bFrederick S.$033794 701 1$aLieberman,$bGerald J.$012510 801 0$aIT$bUNIPARTHENOPE$c20071005$gRICA$2UNIMARC 912 $a000008357 951 $a658-R/24$b39864$cNAVA1$d2007 996 $aRicerca operativa$9730376 997 $aUNIPARTHENOPE LEADER 01649nlm0 22004811i 450 001 990009243710403321 010 $a9783540318637 035 $a000924371 035 $aFED01000924371 035 $a(Aleph)000924371FED01 035 $a000924371 100 $a20100926d2005----km-y0itay50------ba 101 0 $aeng 102 $aDE 135 $adrnn-008mamaa 200 1 $aAdvances in Natural Computation$bRisorsa elettronica$eFirst International Conference, ICNC 2005, Changsha, China, August 27-29, 2005, Proceedings, Part III$fedited by Lipo Wang, Ke Chen, Yew Soon Ong 210 $aBerlin ; Heidelberg$cSpringer$d2005 225 1 $aLecture Notes in Computer Science$x0302-9743$v3612 230 $aDocumento elettronico 336 $aTesto 337 $aFormato html, pdf 702 1$aChen,$bKe 702 1$aOng,$bYew Soon 702 1$aWang,$bLipo 801 0$aIT$bUNINA$gREICAT$2UNIMARC 856 4 $zFull text per gli utenti Federico II$uhttp://dx.doi.org/10.1007/11539902 901 $aEB 912 $a990009243710403321 961 $aAlgorithm Analysis and Problem Complexity 961 $aArtificial intelligence 961 $aArtificial Intelligence (incl. Robotics) 961 $aComputation by Abstract Devices 961 $aComputer science 961 $aComputer Science 961 $aComputer software 961 $aComputer vision 961 $aEvolution (Biology) 961 $aEvolutionary Biology 961 $aImage Processing and Computer Vision 961 $aOptical pattern recognition 961 $aPattern Recognition 996 $aAdvances in Natural Computation$9772314 997 $aUNINA